Les 20 plus grandes villes du Jura sur une carte - Statistiques

Statistiques générales
  • Ce quiz a été pris 74 fois
  • Le résultat moyen est 9 sur 20
Réponses sur la Carte
Les réponses sont colorées sur une échelle allant du rouge au vert en fonction du pourcentage des utilisateurs qui les ont devinées à leur premier essai. Vous pouvez retrouver ces pourcentages ci-dessous.
 
Statistiques - réponses
Commune Population % Correct
Lons-le-Saunier 16 942
98%
Dole 23 784
91%
Saint-Claude 8 556
78%
Champagnole 8 035
74%
Poligny 4 089
69%
Les Rousses 3 702
66%
Arbois 3 146
63%
Morbier 2 371
60%
Hauts de Bienne 5 099
55%
Tavaux 3 926
48%
Saint-Amour 2 364
46%
Montmorot 3 207
34%
Salins-les-Bains 2 430
34%
Moirans-en-Montagne 2 121
32%
Saint-Laurent-en-Grandvaux 1 818
31%
Lavans-lès-Saint-Claude 2 342
18%
Damparis 2 590
14%
Foucherans 2 286
14%
Coteaux du Lizon 2 146
12%
Saint-Aubin 1 855
9%
Aucun quiz correspondant
Distribution des résultats
% des personnes avec chaque résultat
Percentile par nombre de réponses
Votre historique - résultats
Vous n’avez pas pris ce quiz